|
|
|
|
| LEADER |
02011nam a2200517 i 4500 |
| 001 |
001808987 |
| 003 |
CZ BrMZK |
| 005 |
20220426110542.0 |
| 007 |
ta |
| 008 |
211214s2021 fr ach f 001 0 fre |
| 020 |
|
|
|a 978-2-7116-3011-0
|q (brožováno)
|
| 035 |
|
|
|a (OCoLC)1269296759
|
| 040 |
|
|
|a BOA001
|b cze
|e rda
|
| 041 |
1 |
|
|a fre
|h cze
|
| 045 |
|
|
|a x4x5
|
| 072 |
|
7 |
|a 14(100-15)"15/20"
|x Moderní západní filozofie
|2 Konspekt
|9 5
|
| 080 |
|
|
|a 14(437.3)
|2 MRF
|
| 080 |
|
|
|a 165.62
|2 MRF
|
| 080 |
|
|
|a 11
|2 MRF
|
| 080 |
|
|
|a (0:82-9)
|2 MRF
|
| 080 |
|
|
|a (0.027)
|2 MRF
|
| 100 |
1 |
|
|a Patočka, Jan,
|d 1907-1977
|7 jk01091914
|4 aut
|
| 245 |
1 |
0 |
|a Carnets philosophiques 1945-1950 /
|c Jan Patočka ; traduit du tchèque et annoté par Erika Abrams ; préface de Renaud Barbaras
|
| 264 |
|
1 |
|a Paris :
|b Libraire philosophique J. Vrin,
|c 2021
|
| 300 |
|
|
|a 861 stran :
|b ilustrace, portréty, faksimile ;
|c 20 cm
|
| 336 |
|
|
|a text
|b txt
|2 rdacontent
|
| 337 |
|
|
|a bez média
|b n
|2 rdamedia
|
| 338 |
|
|
|a svazek
|b nc
|2 rdacarrier
|
| 490 |
1 |
|
|a Bibliothèque des textes philosophiques,
|x 0249-7972
|
| 500 |
|
|
|a Německo-francouzský, řecko-francouzský a latinsko-francouzský slovník
|
| 504 |
|
|
|a Obsahuje bibliografii, bibliografické odkazy a rejstřík
|
| 600 |
1 |
7 |
|a Patočka, Jan,
|d 1907-1977
|7 jk01091914
|2 czenas
|
| 648 |
|
7 |
|a 1945-1950
|7 ch969091
|2 czenas
|
| 648 |
|
7 |
|a 20. století
|7 ch460558
|
| 650 |
0 |
7 |
|a česká filozofie
|7 ph128114
|y 20. století
|2 czenas
|
| 650 |
0 |
7 |
|a fenomenologie
|7 ph114531
|2 czenas
|
| 650 |
0 |
7 |
|a metafyzika
|7 ph115266
|2 czenas
|
| 655 |
|
7 |
|a texty
|7 fd133699
|2 czenas
|
| 655 |
|
7 |
|a komentovaná vydání
|7 fd132577
|2 czenas
|
| 700 |
1 |
|
|a Abrams, Erika,
|d 1952-
|7 mzk2003181767
|4 cwt
|4 trl
|
| 700 |
1 |
|
|a Barbaras, Renaud,
|d 1955-
|7 jn20000600631
|4 wfw
|
| 830 |
|
0 |
|a Bibliothèque des textes philosophiques
|
| 910 |
|
|
|a BOA001
|b 2-1480.014
|
| 990 |
|
|
|a BK
|
| 991 |
|
|
|b 202204
|c NOV
|
| 996 |
7 |
|
|b 2610888876
|c 2-1480.014
|l MZK
|r Sklad / do 1 hodiny
|n 0
|p dar
|w 001872908
|u 000010
|a 1
|e BOA001
|j MZK50
|s A
|